Administración de la producción

Bibliographic Details
Main Author: Tawfik, Louis
Format: Section = Libro
Language:Undetermined
Spanish
Published: México McGraw-Hill 1992
Subjects:
LEADER 00583nam a2200193Ia 4500
008 240829s9999 xx 000 0 und d
020 |a 968-422-727-2 
040 |a BIBLIOTECA-RUPAP 658.5 T111 
041 |a spa 
082 |a 658.5 T111 
100 1 |a Tawfik, Louis  
245 1 0 |a Administración de la producción 
260 |a México  |b McGraw-Hill  |c 1992 
300 |a 404 p. :il. 
650 7 |a INTRODUCCION DE ADMINISTRACION DE LA PRODUCCION 
650 7 |b  PLANIFICACION DE UN SISTEMA DE PRODUCCION. I. Chauvel, Alain, coaut. II. Tít. 
942 |c BK  |2 ddc 
991 |a TEXTO 
999 |c 8846